[Event "Glorney Gilbert International 2017 - Glorney"]
[Site "Daventry, England"]
[Date "2017.07.25"]
[Round "4.10"]
[White "Nolan, Dermot"]
[Black "Chemla, Oscar"]
[Result "0-1"]
[BlackElo "1984"]
[WhiteElo "1655"]
[LiveChessVersion "1.4.6"]

1. e4 {[%clk 1:30:57]} c5 {[%clk 1:30:30]} 2. Nf3 {[%clk 1:31:22]} d6
{[%clk 1:29:55]} 3. d4 {[%clk 1:31:48]} cxd4 {[%clk 1:30:17]} 4. Nxd4
{[%clk 1:32:13]} Nf6 {[%clk 1:30:44]} 5. Nc3 {[%clk 1:32:36]} a6 {[%clk 1:31:10]}
6. Bg5 {[%clk 1:33:02]} e6 {[%clk 1:31:19]} 7. f4 {[%clk 1:33:27]} Nbd7
{[%clk 1:31:10]} 8. Qf3 {[%clk 1:33:25]} Qc7 {[%clk 1:31:09]} 9. O-O-O
{[%clk 1:32:44]} b5 {[%clk 1:29:11]} 10. Bd3 {[%clk 1:27:07]} Bb7
{[%clk 1:28:30]} 11. Rhe1 {[%clk 1:23:06]} Be7 {[%clk 1:26:17]} 12. Qe3
{[%clk 1:15:23]} h6 {[%clk 1:21:35]} 13. Bh4 {[%clk 1:13:38]} Rc8 14. f5
{[%clk 1:10:34]} e5 {[%clk 1:14:11]} 15. Nf3 {[%clk 1:07:27]} Nb6
{[%clk 1:06:49]} 16. Bxf6 {[%clk 1:00:38]} gxf6 {[%clk 1:04:48]} 17. Re2
{[%clk 0:53:38]} Kf8 {[%clk 0:57:53]} 18. Red2 {[%clk 0:51:24]} b4
{[%clk 0:55:46]} 19. Ne2 {[%clk 0:51:23]} d5 {[%clk 0:53:38]} 20. Ng3
{[%clk 0:44:43]} d4 {[%clk 0:52:29]} 21. Qe1 {[%clk 0:43:07]} Na4
{[%clk 0:51:42]} 22. Kb1 {[%clk 0:38:19]} Nc3+ {[%clk 0:49:15]} 23. Ka1
{[%clk 0:36:45]} Nxd1 {[%clk 0:36:24]} 24. Rxd1 {[%clk 0:36:57]} a5
{[%clk 0:33:16]} 25. Nd2 {[%clk 0:29:28]} a4 {[%clk 0:32:02]} 26. Bc4
{[%clk 0:28:19]} Qa5 {[%clk 0:28:07]} 27. Qe2 {[%clk 0:28:31]} b3
{[%clk 0:18:10]} 28. cxb3 {[%clk 0:26:49]} axb3 {[%clk 0:16:11]} 29. Bxb3
{[%clk 0:27:09]} Ba6 {[%clk 0:15:55]} 30. Qf2 {[%clk 0:24:12]} Bb4
{[%clk 0:14:15]} 31. Nf3 {[%clk 0:22:19]} Ke7 {[%clk 0:12:15]} 32. Nf1
{[%clk 0:19:30]} Rc7 {[%clk 0:11:28]} 33. N1d2 {[%clk 0:19:29]} Rhc8
{[%clk 0:11:14]} 34. Qe1 {[%clk 0:17:50]} Bd3 {[%clk 0:09:44]} 35. Bd5
{[%clk 0:15:58]} Rc2 {[%clk 0:07:07]} 36. g3 {[%clk 0:12:22]} Rxb2
{[%clk 0:06:18]} 0-1

[Event "Glorney Gilbert International 2017 - Glorney"]
[Site "Daventry, England"]
[Date "2017.07.25"]
[Round "4.11"]
[White "Mulligan, Scott"]
[Black "Shafi, Declan"]
[Result "1/2-1/2"]
[BlackElo "2013"]
[WhiteElo "1986"]
[LiveChessVersion "1.4.6"]

1. e4 {[%clk 1:30:51]} e5 {[%clk 1:30:55]} 2. Nf3 {[%clk 1:31:17]} Nc6
{[%clk 1:31:22]} 3. Bc4 {[%clk 1:31:43]} Bc5 {[%clk 1:31:49]} 4. d3
{[%clk 1:31:58]} Nf6 {[%clk 1:32:13]} 5. O-O {[%clk 1:32:21]} O-O
{[%clk 1:32:34]} 6. h3 {[%clk 1:30:54]} d6 {[%clk 1:32:29]} 7. c3
{[%clk 1:31:16]} a5 {[%clk 1:32:44]} 8. Bb3 {[%clk 1:29:55]} Ba7 {[%clk 1:31:50]}
9. Re1 {[%clk 1:29:19]} Ne7 {[%clk 1:32:04]} 10. Nbd2 {[%clk 1:29:32]} Ng6
{[%clk 1:31:02]} 11. Nf1 {[%clk 1:29:29]} Be6 {[%clk 1:30:42]} 12. Be3
{[%clk 1:23:44]} c6 {[%clk 1:22:50]} 13. Ng3 {[%clk 1:19:40]} Qc7
{[%clk 1:21:20]} 14. Qe2 {[%clk 1:06:24]} b5 {[%clk 1:10:16]} 15. d4
{[%clk 1:01:19]} Rfe8 {[%clk 1:07:19]} 16. Bc2 {[%clk 0:52:32]} Rad8
{[%clk 0:56:14]} 17. b3 {[%clk 0:50:28]} Bb8 {[%clk 0:52:11]} 18. Rad1
{[%clk 0:40:52]} d5 {[%clk 0:47:21]} 19. Bg5 {[%clk 0:26:23]} Nf4
{[%clk 0:41:50]} 20. Qf1 {[%clk 0:24:07]} h6 {[%clk 0:38:01]} 21. dxe5
{[%clk 0:15:03]} hxg5 {[%clk 0:37:46]} 22. exf6 {[%clk 0:15:27]} gxf6
{[%clk 0:37:36]} 23. exd5 {[%clk 0:14:22]} Bxd5 {[%clk 0:37:28]} 24. c4
{[%clk 0:12:27]} Rxe1 {[%clk 0:32:48]} 25. Nxe1 {[%clk 0:11:39]} bxc4
{[%clk 0:31:05]} 26. bxc4 {[%clk 0:11:47]} Be6 {[%clk 0:29:58]} 27. Nf3
{[%clk 0:11:06]} Rxd1 {[%clk 0:29:21]} 28. Qxd1 {[%clk 0:11:34]} Bxc4
{[%clk 0:16:30]} 29. Qd4 {[%clk 0:11:03]} Ne2+ {[%clk 0:15:58]} 30. Nxe2
{[%clk 0:11:27]} Bxe2 {[%clk 0:16:19]} 31. Qxf6 {[%clk 0:11:32]} Bxf3
{[%clk 0:13:45]} 32. Qxg5+ {[%clk 0:11:32]} Kf8 {[%clk 0:13:47]} 33. Qh6+
{[%clk 0:11:54]} Ke7 {[%clk 0:13:57]} 34. Qe3+ {[%clk 0:11:59]} Qe5
{[%clk 0:14:17]} 35. gxf3 {[%clk 0:11:49]} Kd8 {[%clk 0:13:37]} 36. Qxe5
{[%clk 0:10:15]} 1/2-1/2

[Event "Glorney Gilbert International 2017 - Glorney"]
[Site "Daventry, England"]
[Date "2017.07.25"]
[Round "4.12"]
[White "Gray, Euan"]
[Black "Byrne, Alex"]
[Result "0-1"]
[BlackElo "1949"]
[WhiteElo "1994"]
[LiveChessVersion "1.4.6"]

1. d4 {[%clk 1:30:06]} Nf6 {[%clk 1:31:20]} 2. c4 {[%clk 1:30:32]} g6
{[%clk 1:31:48]} 3. Nc3 {[%clk 1:31:00]} Bg7 {[%clk 1:32:14]} 4. e4
{[%clk 1:31:28]} d6 {[%clk 1:32:39]} 5. Nf3 {[%clk 1:31:21]} O-O {[%clk 1:33:06]}
6. Be2 {[%clk 1:31:46]} e5 {[%clk 1:33:34]} 7. Be3 {[%clk 1:32:05]} Nc6
{[%clk 1:33:58]} 8. d5 {[%clk 1:32:31]} Ne7 {[%clk 1:34:22]} 9. Nd2
{[%clk 1:32:52]} Nd7 {[%clk 1:34:48]} 10. b4 {[%clk 1:33:15]} f5 {[%clk 1:35:14]}
11. f3 {[%clk 1:33:16]} f4 {[%clk 1:35:37]} 12. Bf2 {[%clk 1:33:07]} g5
{[%clk 1:35:33]} 13. c5 {[%clk 1:32:00]} Nf6 {[%clk 1:35:27]} 14. Nc4
{[%clk 1:26:18]} Ne8 {[%clk 1:33:17]} 15. a4 {[%clk 1:18:47]} Ng6 16. Rc1
{[%clk 1:07:59]} Rf7 {[%clk 1:04:03]} 17. Qb3 {[%clk 1:04:08]} Bf8
{[%clk 1:01:36]} 18. a5 {[%clk 0:57:45]} h5 {[%clk 0:59:22]} 19. cxd6
{[%clk 0:53:30]} Nxd6 {[%clk 0:58:44]} 20. Nxd6 {[%clk 0:51:34]} Bxd6
{[%clk 0:58:29]} 21. Nb5 {[%clk 0:51:47]} g4 {[%clk 0:47:08]} 22. Nxa7
{[%clk 0:30:14]} Qe7 {[%clk 0:38:02]} 23. Rb1 {[%clk 0:27:54]} Bd7
{[%clk 0:34:25]} 24. Nb5 {[%clk 0:08:31]} Nh4 {[%clk 0:23:07]} 25. Rg1
{[%clk 0:07:21]} Bxb5 {[%clk 0:20:39]} 26. Bxb5 {[%clk 0:07:48]} Rg7
{[%clk 0:20:05]} 27. Kd1 {[%clk 0:06:27]} gxf3 {[%clk 0:19:14]} 28. g3
{[%clk 0:06:20]} fxg3 {[%clk 0:11:28]} 29. hxg3 {[%clk 0:05:40]} Ng6
{[%clk 0:10:52]} 30. Bc5 {[%clk 0:05:29]} Rf8 {[%clk 0:07:39]} 31. Bxd6
{[%clk 0:04:56]} cxd6 {[%clk 0:07:59]} 32. Rf1 Rgf7 {[%clk 0:07:21]} 33. Rb2
{[%clk 0:05:10]} Qg5 {[%clk 0:07:05]} 34. Rh2 {[%clk 0:01:01]} Rc7
{[%clk 0:06:45]} 35. Rxf3 {[%clk 0:00:32]} Qc1+ 0-1

[Event "Glorney Gilbert International 2017 - Glorney"]
[Site "Daventry, England"]
[Date "2017.07.25"]
[Round "4.13"]
[White "Higgins, Michael"]
[Black "Berera, Siddharth"]
[Result "1/2-1/2"]
[BlackElo "1712"]
[WhiteElo "1955"]
[LiveChessVersion "1.4.6"]

1. c4 {[%clk 1:30:57]} c5 {[%clk 1:30:55]} 2. g3 {[%clk 1:31:24]} Nc6
{[%clk 1:31:17]} 3. Bg2 {[%clk 1:31:51]} g6 {[%clk 1:31:31]} 4. e3
{[%clk 1:32:08]} Bg7 {[%clk 1:31:37]} 5. Ne2 {[%clk 1:32:31]} e6 {[%clk 1:31:59]}
6. Nbc3 {[%clk 1:32:27]} Nge7 {[%clk 1:32:15]} 7. O-O {[%clk 1:32:51]} O-O
{[%clk 1:32:38]} 8. d4 {[%clk 1:32:24]} cxd4 {[%clk 1:32:08]} 9. exd4
{[%clk 1:32:28]} d5 {[%clk 1:32:35]} 10. cxd5 {[%clk 1:32:38]} Nxd5
{[%clk 1:32:48]} 11. Be3 {[%clk 1:31:41]} Nce7 {[%clk 1:09:55]} 12. Qb3
{[%clk 1:25:42]} Qb6 {[%clk 1:06:07]} 13. Nxd5 {[%clk 1:23:48]} Nxd5
{[%clk 1:05:56]} 14. Bxd5 {[%clk 1:20:12]} exd5 {[%clk 1:06:25]} 15. Qxb6
{[%clk 1:20:29]} axb6 {[%clk 1:06:53]} 16. Rfc1 {[%clk 1:15:39]} Bd7
{[%clk 1:01:48]} 17. Nf4 {[%clk 1:10:48]} Bc6 {[%clk 0:58:56]} 18. Nd3
{[%clk 1:10:47]} Rfc8 {[%clk 0:45:23]} 19. Nb4 {[%clk 1:07:43]} Kf8
{[%clk 0:37:18]} 20. Rc3 {[%clk 0:57:37]} 1/2-1/2

[Event "Glorney Gilbert International 2017 - Glorney"]
[Site "Daventry, England"]
[Date "2017.07.25"]
[Round "4.14"]
[White "D'costa, Leston"]
[Black "Melaugh, Shane"]
[Result "0-1"]
[BlackElo "1928"]
[WhiteElo "1689"]
[LiveChessVersion "1.4.6"]

1. d4 f5 2. Bg5 h6 3. Bh4 g5 4. e4 Bg7 5. Bc4 e6 6. Qh5+ Kf8 7. Nf3 Nf6 8. Bxg5
hxg5 9. Qxg5 Rh5 10. Qe3 Nxe4 11. Nbd2 d5 12. Be2 Nc6 13. O-O-O Kg8 14. Nxe4 dxe4
15. Ne5 Bh6 16. Bxh5 Bxe3+ 17. fxe3 Qg5 18. Bf7+ Kf8 19. Nxc6 bxc6 20. Bxe6 Bxe6
0-1

[Event "Glorney Gilbert International 2017 - Glorney"]
[Site "Daventry, England"]
[Date "2017.07.25"]
[Round "4.15"]
[White "Scott, Luke"]
[Black "Bond, Alexander"]
[Result "1/2-1/2"]
[BlackElo "1831"]
[WhiteElo "1748"]
[LiveChessVersion "1.4.6"]

1. d4 {[%clk 1:30:57]} d5 {[%clk 1:30:53]} 2. c4 {[%clk 1:31:16]} c6
{[%clk 1:31:20]} 3. Nc3 {[%clk 1:31:38]} Nf6 {[%clk 1:31:40]} 4. Nf3
{[%clk 1:32:03]} dxc4 {[%clk 1:32:04]} 5. a4 {[%clk 1:30:43]} Bf5
{[%clk 1:32:14]} 6. Bg5 {[%clk 1:30:15]} Nbd7 {[%clk 1:31:42]} 7. e3
{[%clk 1:30:10]} h6 {[%clk 1:31:00]} 8. Bh4 {[%clk 1:30:30]} e6 {[%clk 1:31:20]}
9. Bxc4 {[%clk 1:29:38]} Bb4 {[%clk 1:30:45]} 10. O-O {[%clk 1:29:40]} O-O
{[%clk 1:26:46]} 11. Qe2 {[%clk 1:26:52]} Qa5 {[%clk 1:06:39]} 12. Rfc1
{[%clk 1:24:03]} Ne4 {[%clk 1:03:21]} 13. Nxe4 {[%clk 1:24:11]} Bxe4
{[%clk 1:03:43]} 14. Bd3 {[%clk 1:24:34]} Qf5 {[%clk 1:02:12]} 15. Bxe4
{[%clk 1:23:29]} Qxe4 {[%clk 1:02:32]} 16. Bg3 {[%clk 1:23:34]} a5
{[%clk 0:56:36]} 17. Qc2 {[%clk 1:20:31]} Qxc2 {[%clk 0:54:53]} 18. Rxc2
{[%clk 1:20:58]} Rfe8 {[%clk 0:53:47]} 19. Rd1 {[%clk 1:19:23]} Nf6
{[%clk 0:51:05]} 20. h4 {[%clk 1:17:26]} Rad8 {[%clk 0:47:58]} 21. Rcc1
{[%clk 1:16:07]} Rc8 {[%clk 0:43:33]} 22. Rc2 {[%clk 1:11:52]} Red8
{[%clk 0:40:02]} 1/2-1/2